Statistics for African Cup of Nations Winners

Click here to take the quiz!

General Stats

  • This quiz has been taken 4,913 times
    (4,079 since last reset)
  • The average score is 35 of 39

Answer Stats

HintWinners% Correct
1957Egypt
99%
1986Egypt
99%
2010Egypt
99%
2008Egypt
99%
2006Egypt
99%
1998Egypt
99%
United Arab Republic
99%
1959United Arab Republic
99%
2019Algeria
96%
1990Algeria
96%
1976Morocco
96%
Senegal
96%
1996South Africa
96%
1980Nigeria
94%
1994Nigeria
94%
2013Nigeria
94%
1984Cameroon
93%
1988Cameroon
93%
2000Cameroon
93%
2002Cameroon
93%
2017Cameroon
93%
1982Ghana
91%
1963Ghana
91%
1978Ghana
91%
1965Ghana
91%
2004Tunisia
90%
1968D.R.Congo
88%
1992Ivory Coast
88%
2015Ivory Coast
88%
1974Zaire
88%
1972Congo
82%
1970Sudan
80%
Mali
79%
2012Zambia
78%
1962Ethiopia
75%
Libya
75%
Guinea
69%
2023Burkina Faso
59%
Uganda
59%

Score Distribution

Percentile by Number Answered

Percent of People with Each Score

Your Score History

You have not taken this quiz since the last reset